|
|
|
|
| LEADER |
01264nam a22002657a 4500 |
| 001 |
33302 |
| 003 |
BD-DhAAL |
| 005 |
20250625111606.0 |
| 008 |
180711r19991981ii a|||| b||| 001 0 eng d |
| 040 |
|
|
|a BD-DhAAL
|d BD-DhAAL
|
| 082 |
|
|
|a 954.4
|
| 100 |
|
|
|a Williams, L. M. Rushbrook.
|9 26877
|
| 245 |
|
|
|a The black hills :
|b Kutch in history and legend, study in Indian local loyalties /
|c L. M. Rushbrook Williams.
|
| 246 |
|
|
|a The black hills
|
| 260 |
|
|
|a Bhuj, Kutch :
|b Maharao Shri Madansinhji Saheb Charitable Trust,
|c 1999 [reprinted].
|
| 300 |
|
|
|a XII, 276 pages :
|b illustrations,
|c 22 cm.
|
| 500 |
|
|
|a Orig. publ.: London: Weidenfeld and Nicolson, 1958
|
| 504 |
|
|
|a Includes bibliographical references and indexes (pages 269-276)
|
| 526 |
|
|
|a ARC
|
| 541 |
|
|
|a Department of Architecture
|e 33302
|
| 650 |
|
|
|a Kachchh (India)
|x History.
|9 26888
|
| 852 |
|
|
|a Department of Architecture
|c General Stacks
|
| 942 |
|
|
|2 ddc
|c BK
|
| 999 |
|
|
|c 39649
|d 39649
|
| 952 |
|
|
|0 0
|1 1
|2 ddc
|4 0
|6 954_400000000000000_WIL
|7 0
|9 63702
|a ARC
|b ARC
|c GEN
|d 2018-07-11
|e Department of Architecture
|l 0
|o 954.4 WIL
|p 3010033302
|r 2018-07-11
|t 1
|w 2018-07-11
|y BK
|x lost from the ARC department library and approved by the Dean (reasons personal books withdrawn by Hasibul Kabir Sir and Building shifting)
|